| 000 | 00549nam a2200193Ia 4500 | ||
|---|---|---|---|
| 003 | GCL | ||
| 008 | 140319s9999 xx 000 0 ara d | ||
| 040 |
_aGCL / _cGCL |
||
| 082 | 0 | 4 |
_a922.6 _bم ا |
| 100 | 1 | _aمحمد بوذينة | |
| 245 | 1 | 0 |
_aابوالحسن الشاذلى / _cمحمد بوذينة |
| 260 |
_a[S.N] : _bدار التركى للنشر ، _c1989 |
||
| 300 | _a203 ص | ||
| 490 | _a | ||
| 650 | 0 | 4 | _aالاسلام |
| 650 | 0 | 4 | _aالتصوف الاسلامى |
| 650 | 0 | 4 | _aابوالحسن الشاذلى |
| 942 |
_2ddc _cBK |
||
| 999 |
_c55578 _d55578 |
||